Statistics for Håndbold Jernhårde Ladies - Ol holdet 1996

Click here to take the quiz!

General Stats

  • This quiz has been taken 56 times
  • The average score is 8 of 17

Answer Stats

PladsNavn% Correct
BagspillerAnja Andersen
95%
PlaymakerCamilla Andersen
90%
MålmandSusanne Munk Lauritsen
80%
Højre FløjJanne Kolling
73%
Venstre FløjAnette Hoffmann
71%
MålmandLene Rantala
66%
BagspillerAnne Dorthe Tanderup
63%
TrænerUlrik Wilbek
63%
StregspillerTonje Kjærgaard
41%
Venstre FløjMarianne Florman
37%
MålmandGitte Sunesen
29%
BagspillerConny Hamann
27%
StregspillerAnja Byrial Hansen
17%
BagspillerGitte Madsen
17%
BagspillerTina Bøttzau
17%
PlaymakerKristine Andersen
10%
PlaymakerHeidi Astrup
7%

Score Distribution

Percentile by Number Answered

Percent of People with Each Score

Your Score History

You have not taken this quiz